000 01150nam a2200313 i 4500
003 DO-SdBNP
005 20240704112515.0
007 ta
008 240704s2022 dr 000 0 spa d
020 _a9789945182613
040 _aDO-SdBNP
_bspa
_cBNPHU
_erda
082 _bH557
_222
100 _aHernández Acosta, Ángel
_911765
_eautor
_d1900-1971
245 1 3 _aLa sombra homicida :
_by otros cuentos /
_cÁngel Hernández Acosta ; compilador Luesmil Castor Paniagua ; presentación Julio Cuevas ; prólogo Alex Ferreras
264 1 _aSanto Domingo :
_bTiempo de nosotros,
_c2022.
300 _a111 páginas,
_c23 cm.
336 _2rdacontent
_atexto
_btxt
337 _2rdamedia
_asin mediación
_bn
338 _2rdacarrier
_avolumen
_bnc
500 _aIncluye datos biográficos del autor y compilador en las solapas.
504 _aBibliografía p: 33
504 _aBibliografía p: 111.
590 _aInventariado, 2024/ YL
700 _aCastor Paniagua, Luesmil
_ecompilador
_985951
700 _aCuevas, Julio
_epresentación
_978189
700 _a Ferreras, Alex
_eprólogo
_985949
910 _aYLockward
942 _2ddc
_cLBS1
999 _c57160
_d57160